000 00419nam a2200181Ia 4500
001 675
005 20260306140535.0
008 260306t1996||||xx |||||||||||||| ||spa||
041 _aESP
082 _a128.3
_bM41
100 _aMelendo, Tomás
_eAUT
245 0 _aDignidad :
_b¿una palabra vacía?
260 _c1996
300 _a204 páginas :
_c18 cm
650 _aGEN
654 _aCHU
942 _cLIB
_dJUS
_fJUS
_2ddc
_n
999 _c675
_d675